Antenna toolkit (Record no. 84259)

MARC details
000 -LEADER
fixed length control field 00959nam a2200205 a 4500
008 - FIXED-LENGTH DATA ELEMENTS--GENERAL INFORMATION
fixed length control field 120416s1997 ||||||||||||||||| || u
020 ## - INTERNATIONAL STANDARD BOOK NUMBER
International Standard Book Number 0750637552
050 ## - LIBRARY OF CONGRESS CALL NUMBER
Classification number TK 7871.6 Car
100 ## - MAIN ENTRY--PERSONAL NAME
Personal name Carr, Joseph J
245 10 - TITLE STATEMENT
Title Antenna toolkit
Statement of responsibility, etc. Joseph J. Carr
250 ## - EDITION STATEMENT
Edition statement 1st ed.
260 ## - PUBLICATION, DISTRIBUTION, ETC.
Place of publication, distribution, etc. Oxford
Name of publisher, distributor, etc. Newnes
Date of publication, distribution, etc. 1997
300 ## - PHYSICAL DESCRIPTION
Extent ix, 215p.:ill.
350 ## -
-- 0.00
650 ## - SUBJECT ADDED ENTRY--TOPICAL TERM
Topical term or geographic name entry element RADIO--ANTENNAS--DESIGN AND CONSTRUCTION
650 ## - SUBJECT ADDED ENTRY--TOPICAL TERM
Topical term or geographic name entry element ANTENNAS
995 ## -
-- MAIN LIBRARY OPEN ACCESS
-- 0.00
-- 735773
-- CBU-MAIN LIBRARY (Kitwe)
-- 1
-- 20.00
-- TK 7871.6 Car
-- 1
-- AVAILABLE
-- May 19, 2006
-- 48580
-- Main Library Open Access Collection
995 ## -
-- MAIN LIBRARY OPEN ACCESS
-- 0.00
-- 730235
-- CBU-MAIN LIBRARY (Kitwe)
-- 2
-- 20.00
-- TK 7871.6 Car
-- 2
-- AVAILABLE
-- 027103
-- Main Library Open Access Collection
995 ## -
-- MAIN LIBRARY OPEN ACCESS
-- 0.00
-- 737656
-- CBU-MAIN LIBRARY (Kitwe)
-- 1
-- 0.00
-- TK 7871.6 Car
-- 3
-- AVAILABLE
-- Feb 15, 2007
-- 53069
-- Main Library Open Access Collection
999 ## -
-- 84259
-- 84259
Holdings
Withdrawn status Lost status Source of classification or shelving scheme Damaged status Not for loan Permanent Location Current Location Shelving location Date acquired Total Checkouts Full call number Barcode Date last seen Copy number Price effective from Koha item type
          CBU-MAIN LIBRARY, KITWE. CBU-MAIN LIBRARY, KITWE.   01/25/2024   TK 7871.6 Car 48580 01/25/2024 1 01/25/2024 MONOGRAPH
          CBU-MAIN LIBRARY, KITWE. CBU-MAIN LIBRARY, KITWE.   01/25/2024   TK 7871.6 Car 027103 01/25/2024 2 01/25/2024 MONOGRAPH
          CBU-MAIN LIBRARY, KITWE. CBU-MAIN LIBRARY, KITWE.   01/25/2024   TK 7871.6 Car 53069 01/25/2024 3 01/25/2024 MONOGRAPH